| 000 | 00541nam a22001817a 4500 | ||
|---|---|---|---|
| 001 | T027600005678 | ||
| 008 | 181111b xve|||||r|||| 00| | esp d | ||
| 099 |
_aIVP-D-02273 _b |
||
| 100 | _aOficina Central de Coordinación y Planificación (CORDIPLAN). | ||
| 245 | _aSíntesis Orgánica de la Estrategia General del Desarrollo. Aspectos metodológicos. | ||
| 260 | _a | ||
| 300 | _a45 | ||
| 500 | _aFotocopiado | ||
| 650 | _aPlanes de Desarrollo--Metodología--Venezuela. | ||
| 650 | _aVenezuela | ||
| 650 | _aEspañol | ||
| 942 | _cLIB | ||
| 999 |
_c6813 _d6813 |
||